| 000 | 00529nam a2200193Ia 4500 | ||
|---|---|---|---|
| 008 | 170918s9999 xx 000 0 und d | ||
| 020 | _a9780374380052 | ||
| 050 | _bL566tw 2010 | ||
| 100 | _aL'engle, Madeleine | ||
| 245 | 4 | _aThe twenty-four days before Christmas : | |
| 245 | _ban austin family story / | ||
| 245 | _cby Madeleine L'engle ; pictures by Jill Webber. | ||
| 260 | _aCanada : | ||
| 260 | _bFarrar Straus Giroux, | ||
| 260 | _c2010 | ||
| 300 | _a45 pages : | ||
| 300 | _billustrations ; | ||
| 300 | _c18cm. | ||
| 999 |
_c343538 _d343538 |
||